Metody analiza i sinteza struktur upravljajuščich sistem

Na minha lista:
Detalhes bibliográficos
Formato: Livro
Idioma:russo
Publicado em: Moskva Energoatomizdat 1988
Edição:1. izd.
Tags: Adicionar Tag
Sem tags, seja o primeiro a adicionar uma tag!

MARC

LEADER 00000nam a2200000 4500
001 c033554
005 20240828070938.7
041 0 |a rus 
044 |a RU 
245 1 0 |a Metody analiza i sinteza struktur upravljajuščich sistem  |c Red. B.G. Volik 
250 |a 1. izd. 
264 1 |a Moskva  |b Energoatomizdat  |c 1988 
300 |a 295 s.